01609nam a2200277 a 450000100100000000500170001000800410002702000180006804000250008608200200011110000380013124501280016926000360029730000260033349000730035950001230043250000770055550001370063259000270076971000630079683000800085995201330093995201180107295201240119099900170131400004671320201002053051.0180320s2015 dr a 000 0 spa d a9789945901054 aDO-SdBNPbspacBNPHU axxxbI37g, 4to.1 aInchaustegui, Maria Isabel92956810aGuía de estudio del taller 4 :btextos literatios: el cuento, la fábula y la historieta /cMaria Isabel Incháustegui. aSanto Domingo :bMINERD,c2015. a20 p. :bil. ;c28cm.1 aDesarrollo profesional docente. Enseñanza de la lengua española. aPolítica de apoyo a los aprendizajes de los primeros grados del nivel primario en lectura, escritura y matemática. aRegional educativa 05 San Pedro de Macorís, 12 Higuey y 17 Monte Plata aA la cabeza del titulo: Desarrollo Profesional Docente. Capacitación de Docentes para la Enseñanza de la Lectura y la Escritura. aInventariado, 2018/MFF1 aRepública Dominicana.bMinisterio de Educación.943100 0aDesarrollo profesional docente. Enseñanza de la lengua española.974657 001054708DSaGRbGRcHDd2018-03-20iLF1l0oxxx I37g, 4to.p46713-30r2020-06-25te. 3w2020-06-25yLFDSZPréstamo en sala 0010718PDaPDbPDcHDd2018-03-20iLF1l0oxxx I37g, 4to.p46713-10r2020-06-25w2020-06-25yLFPDZNo se presta 0010718PDaPDbPDcHDd2018-03-20iLF1l0oxxx I37g, 4to.p46713-20r2020-06-25te. 2w2020-06-25yLFPDZNo se presta c46202d46202